000 01222nam a2200277 4500
001 0000022532
003 CO-CtgCURN
005 20250331185209.0
007 ta
008 160627s2004 000 0 eng d
020 _a9706556281
040 _aCO-CtgCURN
_bspa
_ccoctgcurn
082 0 _a616.71
_bG940
245 0 0 _aGuia de la Clinica Mayo sobre osteoporosis /
_cEditor Stephen Hodgson.
260 _aMexico :
_bTrillas,
_c2004.
300 _a208 p.
336 _2rdacontent
337 _2rdamedia
_asin mediacion
_bn
338 _2rdacarrier
_avolumen
_bnc
505 8 _a·Que es osteoporosis?.--El ciclo de vida de los huesos.--Fracturas y caidas.--·Puede reducir el riesgo de osteoporosis?.--Escrutinio de diagnostico.--Como entender los resultados de los estudios.--Elementos del plan de acción.--Alimentarse bien para tener huesos saludables.--Como permanecer activo.--Como tomar medicamentos.--Como vivir con osteoporosis.--Como recuperarse de una fractura.--Seguridad en el hogar
650 1 4 _aOsteoporosis
_xtratamiento.
700 1 _aHodgson, Stephen,
_eEditor.
908 _a160627
942 _cBK
_h616.71
_iG940
_2ddc
999 _c22596
_d22596